The Bright Idea Box (Record no. 94485)

MARC details
000 -LEADER
fixed length control field 00545nam a2200193Ia 4500
005 - DATE AND TIME OF LATEST TRANSACTION
control field 20251121222604.0
008 - FIXED-LENGTH DATA ELEMENTS--GENERAL INFORMATION
fixed length control field 230125s9999 xx 000 0 und d
020 ## - INTERNATIONAL STANDARD BOOK NUMBER
International Standard Book Number 9788184958676
041 ## - LANGUAGE CODE
Language code of text/sound track or separate title eng
082 ## - DEWEY DECIMAL CLASSIFICATION NUMBER
Classification number 658
Item number RAN
100 ## - MAIN ENTRY--PERSONAL NAME
Author Randhawa J
245 ## - TITLE STATEMENT
Title The Bright Idea Box
Remainder of title Provan system to drive employee engagement
260 ## - PUBLICATION, DISTRIBUTION, ETC.
Date of publication, distribution, etc. 2016
Name of publisher, distributor, etc. Jaico Publishing House
Place of publication, distribution, etc. Mumbai
300 ## - PHYSICAL DESCRIPTION
Extent 257p
500 ## - GENERAL NOTE
Keywords Personality Development<br/>
650 ## - SUBJECT ADDED ENTRY--TOPICAL TERM
Topical term or geographic name entry element Personality Development
700 ## - ADDED ENTRY--PERSONAL NAME
Personal name Randhawa J
942 ## - ADDED ENTRY ELEMENTS (KOHA)
Koha item type Books
Holdings
Withdrawn status Lost status Damaged status Not for loan Home library Current library Date acquired Vendor Bill number Total Checkouts Full call number Barcode Date last seen Bill Date Koha item type Original Barcode Net Price Actual Price
        Smt. Hiraben Nanavati Institute of Management & Research for Women Smt. Hiraben Nanavati Institute of Management & Research for Women 03/02/2017 Suyog Enterprises 3715   658 RAN B14983 HIMR-BK-14983 25/01/2023 27/01/2017 Books B14983    
        Smt. Hiraben Nanavati Institute of Management & Research for Women Smt. Hiraben Nanavati Institute of Management & Research for Women 02/03/2018 Pritam Book Centre 10525   658 RAN B15876 HIMR-BK-15876 25/01/2023 19/01/2018 Books B15876 299.00 270.00